书目信息 |
| 题名: |
矿物原料分析方法
|
|
| 作者: | ;四川省地质局矿产综合利用研究所 , 华北地质研究所 编 | |
| 分册: | ||
| 出版信息: | 北京 地质出版社 1972 |
|
| 页数: | 441页 | |
| 开本: | 20cm | |
| 丛书名: | ||
| 单 册: | ||
| 中图分类: | P575 | |
| 科图分类: | ||
| 主题词: | 矿物学P58 | |
| 电子资源: | ||
| ISBN: | ||
| 000 | 00831nam0 2200229 450 | |
| 001 | 0661015837 | |
| 005 | 20060426165929.62 | |
| 010 | @dCNY1.30 | |
| 091 | @a15038.新2 | |
| 100 | @a20060426d1972 km y0chiy0120 ea | |
| 101 | 0 | @achi |
| 102 | @aCN@b110000 | |
| 102 | @aCN@b110000 | |
| 200 | 1 | @a矿物原料分析方法@Akuang wu yuan liao fen xi fang fa@f四川省地质局矿产综合利用研究所,华北地质研究所编@Fsi chuan sheng di zhi ju kuang chan zong he li yong yan jiu suo,hua bei di zhi yan jiu suo bian |
| 210 | @a北京@c地质出版社@d1972 | |
| 215 | @a441页@d20cm | |
| 606 | 0 | @a矿物学P58 |
| 690 | @aP575@v3 | |
| 711 | 0 | @a四川省地质局矿产综合利用研究所@Asi chuan sheng di zhi ju kuang chan zong he li yong yan jiu suo@4编 |
| 711 | 0 | @a华北地质研究所@Ahua bei di zhi yan jiu suo@4编 |
| 801 | 0 | @aCN@bPFT@c20060426 |
| 905 | @a10447@dP575@e3 | |
| 矿物原料分析方法/四川省地质局矿产综合利用研究所,华北地质研究所编.-北京:地质出版社,1972 |
| 441页;20cm |
| ISBN :CNY1.30 |
| ● |
| 相关链接 |
|
|
|
|
正题名:矿物原料分析方法
索取号:P575/3
 
预约/预借
| 序号 | 登录号 | 条形码 | 馆藏地/架位号 | 状态 | 备注 |
| 1 | 0017759 | 202291135 | 密集书库/ [索取号:P575/3] | 在馆 |